| 000 | 00705nam a2200229 4500 | ||
|---|---|---|---|
| 001 | 198787 | ||
| 010 | _a978-972-8777-97-5 | ||
| 021 | _b236329/05 | ||
| 090 | _a198787 | ||
| 100 | _a20251104d u||y0pory50 ba | ||
| 200 |
_aOrações e benzeduras do Alentejo (recolha) _fAna Eleonora Borges |
||
| 205 | _a2ª | ||
| 210 |
_aLisboa _cApenas Livros _d2005 |
||
| 215 |
_a49, [1] p. _cbrochado _d20 cm |
||
| 606 |
_aAntropologia Cultural. Etnologia. Etnografia. Usos e Costumes. Tradições. Modo de vida. Folclore _92051 |
||
| 610 | _aorações | ||
| 610 | _abenzeduras | ||
| 675 |
_a39 _vPT _zpor |
||
| 700 |
_914705 _aBorges _bAna Eleonora |
||
| 801 |
_aPT _bBMMN _gRPC |
||
| 830 |
_cFernando _fFernando |
||
| 990 | _cLIVROS | ||